<?xml version="1.0" encoding="UTF-8"?>
<record
    xmlns:xsi="http://www.w3.org/2001/XMLSchema-instance"
    xsi:schemaLocation="http://www.loc.gov/MARC21/slim http://www.loc.gov/standards/marcxml/schema/MARC21slim.xsd"
    xmlns="http://www.loc.gov/MARC21/slim">

  <leader>00918nam a22002297a 4500</leader>
  <controlfield tag="003">LK-CoDNM</controlfield>
  <controlfield tag="005">20241021114231.0</controlfield>
  <controlfield tag="008">241015b        |||||||| |||| 00| 0 eng d</controlfield>
  <datafield tag="040" ind1=" " ind2=" ">
    <subfield code="a">LK-CoDNM</subfield>
    <subfield code="d">LK-CoDNM</subfield>
    <subfield code="e">LK-CoDNM</subfield>
  </datafield>
  <datafield tag="041" ind1=" " ind2=" ">
    <subfield code="a">sin</subfield>
  </datafield>
  <datafield tag="080" ind1=" " ind2=" ">
    <subfield code="a">&#xDB4;&#xDCA;&#x200D;&#xDBB;.&#xDB6;</subfield>
    <subfield code="b">17.A</subfield>
  </datafield>
  <datafield tag="100" ind1=" " ind2=" ">
    <subfield code="a">&#xDBB;&#xDA7;&#xDDA;&#xDB8;&#xDD4;&#xDBD;&#xDCA;&#xDBD;&#xDDA; &#xDB8;&#xDD4;&#xDAF;&#xDB1;&#xDCA;&#xDB1;&#xDCF;&#xDBA;&#xD9A; , &#xD9A;&#xDBB;&#xDD4;&#xDAB;&#xDCF;&#xDAF;&#xDCF;&#xDC3; &#xDC0;&#xDD2;&#xD9A;&#xDCA;&#x200D;&#xDBB;&#xDB8;&#xDC3;&#xDD2;&#xD82;&#xDC4;</subfield>
  </datafield>
  <datafield tag="245" ind1=" " ind2=" ">
    <subfield code="a">&#xDB6;&#xDD4;&#xDAF;&#xDD4; &#xDC3;&#xDD4;&#xDC0;&#xDAF;-1968</subfield>
    <subfield code="b">2 &#xD9A;&#xDCF;&#xDAB;&#xDCA;&#xDA9;&#xDBA; 2 &#xD9A;&#xDBD;&#xDCF;&#xDB4;&#xDBA;</subfield>
  </datafield>
  <datafield tag="260" ind1=" " ind2=" ">
    <subfield code="b">&#xDC4;&#xDDC;&#xDAF;&#xDC4;&#xDD2;&#xDAD; &#xDB8;&#xDD4;&#xDAF;&#xDCA;&#x200D;&#xDBB;&#xDAB;&#xDCF;&#xDBD;&#xDBA;</subfield>
    <subfield code="c">1968</subfield>
    <subfield code="a">&#xDB8;&#xDC4;&#xDB1;&#xDD4;&#xDC0;&#xDBB;</subfield>
  </datafield>
  <datafield tag="300" ind1=" " ind2=" ">
    <subfield code="b">23p. ; 24 cm</subfield>
  </datafield>
  <datafield tag="650" ind1=" " ind2=" ">
    <subfield code="a">&#xDB6;&#xDD4;&#xDAF;&#xDD4; &#xDC3;&#xDD4;&#xDC0;&#xDAF;-1968</subfield>
  </datafield>
  <datafield tag="650" ind1=" " ind2=" ">
    <subfield code="a">2 &#xD9A;&#xDCF;&#xDAB;&#xDCA;&#xDA9;&#xDBA; 2 &#xD9A;&#xDBD;&#xDCF;&#xDB4;&#xDBA;</subfield>
  </datafield>
  <datafield tag="650" ind1=" " ind2=" ">
    <subfield code="a">&#xDBB;&#xDA7;&#xDDA;&#xDB8;&#xDD4;&#xDBD;&#xDCA;&#xDBD;&#xDDA; &#xDB8;&#xDD4;&#xDAF;&#xDB1;&#xDCA;&#xDB1;&#xDCF;&#xDBA;&#xD9A; , &#xD9A;&#xDBB;&#xDD4;&#xDAB;&#xDCF;&#xDAF;&#xDCF;&#xDC3; &#xDC0;&#xDD2;&#xD9A;&#xDCA;&#x200D;&#xDBB;&#xDB8;&#xDC3;&#xDD2;&#xD82;&#xDC4;</subfield>
  </datafield>
  <datafield tag="650" ind1=" " ind2=" ">
    <subfield code="a">&#xDB4;&#xDCA;&#x200D;&#xDBB;.&#xDB6; 17.A</subfield>
  </datafield>
  <datafield tag="650" ind1=" " ind2=" ">
    <subfield code="a">1968</subfield>
  </datafield>
  <datafield tag="942" ind1=" " ind2=" ">
    <subfield code="c">BK</subfield>
  </datafield>
  <datafield tag="952" ind1=" " ind2=" ">
    <subfield code="0">0</subfield>
    <subfield code="1">0</subfield>
    <subfield code="4">1</subfield>
    <subfield code="7">0</subfield>
    <subfield code="8">OBC</subfield>
    <subfield code="a">MAIN</subfield>
    <subfield code="b">MAIN</subfield>
    <subfield code="c">REF</subfield>
    <subfield code="d">2024-10-15</subfield>
    <subfield code="l">0</subfield>
    <subfield code="o">&#xDB4;&#xDCA;&#x200D;&#xDBB;.&#xDB6; 17.A</subfield>
    <subfield code="p">OJP3825</subfield>
    <subfield code="r">2024-10-21</subfield>
    <subfield code="w">2024-10-21</subfield>
    <subfield code="y">BK</subfield>
  </datafield>
  <datafield tag="999" ind1=" " ind2=" ">
    <subfield code="c">220412</subfield>
    <subfield code="d">220412</subfield>
  </datafield>
</record>
